Daily Capital City Riddle #108 - Statistics

General Stats
  • This quiz has been taken 33 times
  • The average score is 28 of 33
Answer Stats
Type Answer % Correct
Alphabet Letter N
100%
Found Letter O
100%
Correctly Placed Letter A
97%
Found Letter A
97%
Alphabet Letter I
97%
Alphabet Letter L
97%
Alphabet Letter R
97%
Alphabet Letter S
97%
Found Letter B
93%
Alphabet Letter C
93%
Found Letter M
93%
Alphabet Letter T
93%
Alphabet Letter E
90%
Alphabet Letter D
87%
Alphabet Letter P
87%
Alphabet Letter U
87%
Alphabet Letter W
87%
Correctly Placed Letter A
83%
Correctly Placed Letter B
83%
Alphabet Letter G
83%
Alphabet Letter H
83%
Found Letter K
83%
Alphabet Letter V
80%
Alphabet Letter Y
80%
Correctly Placed Letter K
77%
Correctly Placed Letter M
77%
Correctly Placed Letter O
77%
Alphabet Letter J
73%
Alphabet Letter X
73%
Alphabet Letter Z
73%
Mystery Capital Bamako
70%
Alphabet Letter F
70%
Alphabet Letter Q
70%
No matching quizzes found
Score Distribution
Percent of People with Each Score
Percentile by Number Answered
Your Score History
You have not taken this quiz